| 000 | 00415nam a2200145Ia 4500 | ||
|---|---|---|---|
| 003 | IQ-KOUCL | ||
| 041 | _aArabic | ||
| 082 | _a256,4 cut-922 ب | ||
| 100 | _a20260118u\\\\\\\\\\\y0engy0103\\\\ba | ||
| 245 | 0 | _aالعهد الاوفى مقتطفات من الاثار المباركة عن العهد والميثاق | |
| 250 | _aط1 | ||
| 260 |
_aبغداد -العراق _c1980 |
||
| 300 | _a70 | ||
| 942 | _cBk | ||
| 999 |
_c186391 _d186391 |
||